Bocage (Registo nº 1476)

Detalhes MARC
000 -Etiqueta do registo
Cabeçalho 00960nam0a2200289 4500
005 - Identificador da versão
Campo de controlo 20240813121837.0
010 ## - Número internacional normalizado dos livros (ISBN)
Número (ISBN) 9725681398
021 ## - Número do Depósito Legal
Código do país PT
Número 163846/01
100 ## - Dados gerais de processamento
Dados gerais de processamento 20150327d2001 m y0pory5003 ba
102 ## - Pais de publicação ou produção
País de publicação Portugal
101 0# - Língua de publicação
Língua do texto, banda sonora, etc. Português
215 ## - Descrição física 
Indicação específica da natureza do documento e extensão da espécie 295 p.
Dimensões 19 cm
200 1# - Titulo e menção de responsabilidade
Título próprio Bocage
Informação de outro título antologia poética
Primeira menção de responsabilidade sel. e introd. por Maria Antónia Carmona Mourão e Maria Fernanda Pereira Nunes
225 2# - Colecção 
Título próprio da colecção Biblioteca de autores portugueses
Indicação de volume 18
205 ## - Menção da edição
Menção da edição 4ª ed
210 ## - Publicação, Distribuição, etc. 
Lugar da edição, distribuição, etc. Lisboa
Nome do editor, distribuidor, etc. Ulisseia
Data da publicação, distribuição, etc. D.L. 2001
300 ## - Notas gerais 
Texto da nota Metas Curriculares
606 ## - Nome comum usado como assunto
Número de registo de entrada de autoridade 0002007
Palavra de ordem Literatura portuguesa
Subdivisão de assunto Poesia
Código do sistema CA
675 ## - Classificação Decimal Universal (CDU)
Notação 821.134.3-1
Edição 3ª ed.
Língua da edição por
702 #1 - Nome de autor-pessoa física (responsabilidade secundária)
Número de registo de entrada de autoridade 0002171
Palavra de ordem Mourão
Outra parte do nome não tomada para palavra de ordem Maria Antónia Carmona
Código de função Editor literário / Coordenador
Número de registo de entrada de autoridade 0002172
Palavra de ordem Nunes
Outra parte do nome não tomada para palavra de ordem Maria Fernanda Pereira
Código de função Editor literário / Coordenador
700 #1 - Nome de autor-pessoa física (responsabilidade principal)
Número de registo de entrada de autoridade 0002173
Palavra de ordem Bocage
Outra parte do nome não tomada para palavra de ordem Manuel Maria de Barbosa l'Hedois du
Datas 1765-1805
966 ## - Identificação da Biblioteca
Sigla EB2,3ENM
942 ## - Elementos de entrada adicionados (Koha)
Tipo de item no Koha Livro
Exemplares
Situação do levantamento Origin of item (home branch) (coded) Biblioteca de empréstimo Código de barras Cota Circulation type (not for loan) Tipo de documento Nota do exemplar Damaged status
  Biblioteca Escolar Eng. Nuno Mergulhão Biblioteca Escolar Eng. Nuno Mergulhão BENM3491 82LP-1 BOC MET   Livro Sem mensagem